| 000 -LEADER |
| fixed length control field |
00745nam a22001817a 4500 |
| 005 - DATE AND TIME OF LATEST TRANSACTION |
| control field |
20231221125242.0 |
| 008 - FIXED-LENGTH DATA ELEMENTS--GENERAL INFORMATION |
| fixed length control field |
231221s1995 ru ||||| |||| 00| 0 rus d |
| 020 ## - INTERNATIONAL STANDARD BOOK NUMBER |
| International Standard Book Number |
5879270246 |
| 041 ## - LANGUAGE CODE |
| Language code of text/sound track or separate title |
rus |
| 080 ## - UNIVERSAL DECIMAL CLASSIFICATION NUMBER |
| Universal Decimal Classification number |
902+903 П-80 |
| 245 ## - TITLE STATEMENT |
| Title |
Происхождение вещей : |
| Remainder of title |
Очерки первобытной культуры / |
| Statement of responsibility, etc. |
Ред. Е.В. Смирницкая. |
| 264 ## - PRODUCTION, PUBLICATION, DISTRIBUTION, MANUFACTURE, AND COPYRIGHT NOTICE |
| Place of production, publication, distribution, manufacture |
Москва : |
| Name of producer, publisher, distributor, manufacturer |
ННН, |
| Date of production, publication, distribution, manufacture, or copyright notice |
1995. |
| 300 ## - PHYSICAL DESCRIPTION |
| Extent |
268 с.: |
| Other physical details |
ил.; |
| Dimensions |
22 см. |
| 653 ## - INDEX TERM--UNCONTROLLED |
| keyword |
ნივთების წარმოშობა |
| 653 ## - INDEX TERM--UNCONTROLLED |
| keyword |
ნარკვევები პრიმიტიულ კულტურაზე |
| 700 ## - ADDED ENTRY--PERSONAL NAME |
| Personal name |
Смирницкая, Е.В. |
| Relator term |
რედაქტორი |
| 9 (RLIN) |
20838 |
| 942 ## - ADDED ENTRY ELEMENTS (KOHA) |
| Source of classification or shelving scheme |
|
| Koha item type |
წიგნი |